Byggeren 1980: en dokumentarisk fremstilling af konfrontationerne mellem politi og borgere
| 1. VerfasserIn: | |
|---|---|
| Medienart: | Druck Buch |
| Sprache: | Dänisch |
| Veröffentlicht: |
København
Kriminalistisk Institut
1983
|
| In: |
Kriminalistisk Instituts stencilserie (21)
Jahr: 1983 |
| Bestand in Tübingen: | In Tübingen vorhanden. UB: KB 6 E 655 |
| Verfügbarkeit prüfen: | HBZ Gateway |
| Subito Bestelldienst: | Jetzt bestellen. |
MARC
| LEADER | 00000cam a22000002c 4500 | ||
|---|---|---|---|
| 001 | 1090004567 | ||
| 003 | DE-627 | ||
| 005 | 20220514122012.0 | ||
| 007 | tu | ||
| 008 | 900322s1983 xx ||||| 00| ||dan c | ||
| 035 | |a (DE-627)1090004567 | ||
| 035 | |a (DE-576)020004567 | ||
| 035 | |a (DE-599)BSZ020004567 | ||
| 035 | |a (OCoLC)22181045 | ||
| 035 | |a (OCoLC)22181045 | ||
| 040 | |a DE-627 |b ger |c DE-627 |e rakwb | ||
| 041 | |a dan | ||
| 100 | 1 | |a Stevnsborg, Henrik |4 aut | |
| 245 | 1 | 0 | |a Byggeren 1980 |b en dokumentarisk fremstilling af konfrontationerne mellem politi og borgere |c Henrik Stevnsborg |
| 264 | 1 | |a København |b Kriminalistisk Institut |c 1983 | |
| 300 | |a 28 S. | ||
| 336 | |a Text |b txt |2 rdacontent | ||
| 337 | |a ohne Hilfsmittel zu benutzen |b n |2 rdamedia | ||
| 338 | |a Band |b nc |2 rdacarrier | ||
| 490 | 1 | |a Kriminalistisk Instituts stencilserie |v 21 | |
| 583 | 1 | |a Archivierung prüfen |c 20200919 |f DE-640 |z 2 |2 pdager | |
| 830 | 0 | |a Kriminalistisk Instituts stencilserie |v 21 |9 21 |w (DE-627)166606235 |w (DE-576)013020722 |w (DE-600)230996-8 |x 0106-276X |7 am | |
| 951 | |a BO | ||
| ELC | |b 1 | ||
| LOK | |0 000 xxxxxcx a22 zn 4500 | ||
| LOK | |0 001 2142448925 | ||
| LOK | |0 003 DE-627 | ||
| LOK | |0 004 1090004567 | ||
| LOK | |0 005 20020606000000 | ||
| LOK | |0 008 900322||||||||||||||||ger||||||| | ||
| LOK | |0 040 |a DE-21 |c DE-627 |d DE-21 | ||
| LOK | |0 852 |a DE-21 | ||
| LOK | |0 852 1 |c KB 6 E 655 |9 00 | ||
| LOK | |0 935 |a krim | ||
| LOK | |0 936ln |a k4.8.1 | ||
| LOK | |0 939 |a 22-03-90 |b l01 | ||
| ORI | |a SA-MARC-krimdoka001.raw | ||
| SIG | |a UB: KB 6 E 655 | ||
